| 000 | 01002nam a22002657a 4500 | ||
|---|---|---|---|
| 005 | 20240530110558.0 | ||
| 008 | 160319s2012 ua g b 000 0 ara d | ||
| 017 |
_a2012/1688 _bمصر . دار الكتب المصرية |
||
| 020 | _a9789774901510 | ||
| 040 | _aEG-CaGPL | ||
| 082 | 0 | 4 |
_221 _a320.956\ _bح و |
| 100 | 0 | _aحسن حنفى . | |
| 245 | 1 | 2 |
_aالواقع العربى الراهن / _cحسن حنفى . |
| 250 | _aط1. | ||
| 260 |
_aالقاهرة : _bدار العين للنشر ، _c2012. |
||
| 300 |
_a627 ص ؛ _c24 سم . |
||
| 651 | 0 | 4 |
_aالعالم العربى _xتاريخ _yالعصر الحديث . |
| 651 | 0 | 4 |
_aمصر _xالاحوال السياسية . |
| 651 | 0 | 4 |
_aمصر _xالاحوال الاجتماعية . |
| 651 | 0 | 4 |
_aلبنان _xالاحوال السياسية . |
| 651 | 0 | 4 |
_aفلسطين _xالاحوال السياسية . |
| 651 | 0 | 4 |
_aمصر _xالاحوال الثقافية . |
| 942 |
_2ddc _cBK |
||
| 999 |
_c62609 _d62609 |
||